| 000 | 00739cam a22002531 4500 | ||
|---|---|---|---|
| 001 | 000019197 | ||
| 005 | 20200929165940.0 | ||
| 008 | 780616s1962 nyu b 000 0 eng | ||
| 040 |
_aDO-SdBNP _cPLhS _dOCoLC _dDLC _dBNPHU |
||
| 042 | _apremarc | ||
| 082 |
_a355.0903 _bR785w |
||
| 100 | 1 |
_aRopp, Theodore, _d1911- _941309 |
|
| 245 | 1 | 0 | _aWar in the modern world. |
| 250 | _a1a ed. | ||
| 260 |
_aNew York : _bCollier Books, _c[1962]. |
||
| 300 |
_a414 p. ; _c18 cm. |
||
| 490 | 0 |
_aCollier books, _v57 |
|
| 504 | _aIncluye bibliografía. | ||
| 650 | 4 |
_aCiencia militar _xHistoria _914353 |
|
| 650 | 4 |
_aMilitar _xHistoria moderna _941310 |
|
| 830 | 0 |
_aCollier books, _n57 _941311 |
|
| 910 | _aCatalogación derivada / LC | ||
| 049 | _aBNGR | ||
| 999 |
_c18715 _d18715 |
||